Shiksha : (Record no. 8671)

MARC details
000 -LEADER
fixed length control field 00665cam a2200241ua 4500
001 - CONTROL NUMBER
control field 9659
005 - DATE AND TIME OF LATEST TRANSACTION
control field 20260515114515.0
008 - FIXED-LENGTH DATA ELEMENTS--GENERAL INFORMATION
fixed length control field 180322n ii |||gr||||Z||||||asm
020 ## - INTERNATIONAL STANDARD BOOK NUMBER
International Standard Book Number 9789384303334
040 ## - CATALOGING SOURCE
Transcribing agency MAIN
041 ## - LANGUAGE CODE
Language code of text/sound track or separate title asm
082 ## - DEWEY DECIMAL CLASSIFICATION NUMBER
Classification number 370
100 ## - MAIN ENTRY--PERSONAL NAME
Personal name Goswami, Moromi,
Relator term Author.
245 ## - TITLE STATEMENT
Title Shiksha :
Remainder of title darshanik aru samajtattik vitti /
Statement of responsibility, etc. by Moromi Goswami .
250 ## - EDITION STATEMENT
Edition statement 1st ed.
260 ## - PUBLICATION, DISTRIBUTION, ETC.
Place of publication, distribution, etc. Dibrugarh:
Name of publisher, distributor, etc. Mahaveer publications,
Date of publication, distribution, etc. 2015.
300 ## - PHYSICAL DESCRIPTION
Extent 336p.
653 ## - INDEX TERM--UNCONTROLLED
Uncontrolled term Education
653 ## - INDEX TERM--UNCONTROLLED
Uncontrolled term Foundations of education
653 ## - INDEX TERM--UNCONTROLLED
Uncontrolled term Sociological foundation of education
653 ## - INDEX TERM--UNCONTROLLED
Uncontrolled term Philosophical foundation of education
942 ## - ADDED ENTRY ELEMENTS (KOHA)
Koha item type Books
Holdings
Withdrawn status Lost status Damaged status Not for loan Home library Current library Shelving location Date acquired Total checkouts Full call number Barcode Date last seen Date last checked out Copy number Price effective from Koha item type
        Naharkatiya College Library Naharkatiya College Library General stacks 09/19/2020 2 370 | GOS 23189 08/13/2024 08/02/2024 3 09/19/2020 Books
        Naharkatiya College Library Naharkatiya College Library General stacks 09/19/2020 1 370 | GOS 23190 11/14/2022 04/18/2022 2 09/19/2020 Books
        Naharkatiya College Library Naharkatiya College Library General stacks 09/19/2020   370 | GOS 23191 12/01/2020   1 09/19/2020 Books
        Naharkatiya College Library Naharkatiya College Library General stacks 09/19/2020 1 370 | GOS 25351 10/20/2023 10/05/2023 4 09/19/2020 Books
        Naharkatiya College Library Naharkatiya College Library General stacks 09/19/2020 1 370 | GOS 25352 10/18/2024 07/11/2024 5 09/19/2020 Books
        Naharkatiya College Library Naharkatiya College Library General stacks 09/19/2020 1 370 | GOS 25353 09/21/2022 09/13/2022 6 09/19/2020 Books
        Naharkatiya College Library Naharkatiya College Library General stacks 09/19/2020 2 370 | GOS 25354 09/13/2025 09/01/2025 7 09/19/2020 Books
        Naharkatiya College Library Naharkatiya College Library General stacks 09/19/2020   370 | GOS 25355 10/30/2023   8 09/19/2020 Books